Vplyv čistých kultúr Saccharomyces cerevisiae na odrodovú arómu vína bakalárska práca

Guardado en:
Detalles Bibliográficos
Autor principal: Bernaťáková, Eva
Formato: Libro
Lenguaje:eslovaco
Publicado: Bratislava STU FCHPT 2013
Acceso en línea:Ver en el OPAC
Etiquetas: Agregar Etiqueta
Sin Etiquetas, Sea el primero en etiquetar este registro!

MARC

LEADER 00000nam a2200000 a 4500
005 20260127134335.0
008 130910 2013 000 0 slo d
035 |a vtls010542082 
039 9 |y 201309101449  |z mschk03 
040 |a STUSCHK1  |b slo  |c STUSCHK1  |e AACR2 
100 1 |a Bernaťáková, Eva 
245 1 |a Vplyv čistých kultúr Saccharomyces cerevisiae na odrodovú arómu vína  |b bakalárska práca  |c 2013 
260 |a Bratislava  |b STU FCHPT  |c 2013 
300 |a 44 s.  |b il.  |c 30 cm 
500 |a Obhájené: 10.07.2013 
500 |a Štud. program: Biotechnológia a potravinárska technológia 
500 |a Štud. odbor: Biotechnológie 
500 |a Škol. pracovisko: Odd. biochemickej technológie 
500 |a Evid. číslo: FCHPT-13567-43985 
910 |a SCHK95 
999 |c 10299  |d 10299